Kształty województw - Statystyki

Ogólne statystyki
  • Ten quiz został rozwiązany 58 razy
  • Średni wynik to 14 z 16
Statystyki odpowiedzi
Obrazkowy Odpowiedź % Poprawnych
Podkarpackie
97%
Śląskie
97%
Mazowieckie
89%
Pomorskie
89%
Dolnośląskie
87%
Lubuskie
87%
Małopolskie
87%
Opolskie
87%
Podlaskie
87%
Warmińsko-mazurskie
87%
Zachodniopomorskie
87%
Kujawsko-pomorskie
84%
Lubelskie
84%
Świętokrzyskie
84%
Wielkopolskie
84%
Łódzkie
82%
Nie znaleziono quizów pasujących do podanych kryteriów
Rozkład punktacji
Procent ludzi z każdym wynikiem
Percentyl według liczby udzielonych odpowiedzi
Twoja historia wyników
Nie rozwiązałeś tego quizu